000 00716nam a2200205Ii 4500
003 JO-AjNU
008 230605s9999||||xx |||||||||||||| ||und||
040 _aJO-AjNU
_bara
_erda
_cJO-AjNU
041 _aara
050 1 4 _aHT 151 .A2 1981
100 3 _aشوقي، عبدالمنعم,
_eauthor
_936475
245 0 0 _aمجتمع المدينة : الاجتماع الحضري
250 _aط7
264 3 1 _aبيروت: دار النهضة العربية، 1981
300 _a272ص
_bيحتوي على ببلوغرافية وملاحق من 259-272ص
336 _atext
_btxt
_2rdacontent
337 _aunmediated
_bn
_2rdamedia
338 _avolume
_bnc
_2rdacarrier
650 4 _aعلم اجتماع حضري
_936476
999 _aA15158
_c18726
_d18726